| 000 | 00658cam a2200145 4500500 | ||
|---|---|---|---|
| 005 | 20251228090810.0 | ||
| 041 | _afre | ||
| 042 | _adc | ||
| 100 | 1 | 0 |
_aFaguer, Nicolas _eauthor |
| 245 | 0 | 0 | _aProspettiva Persona, trimestriale di cultura, etica e politica, Dopo Péguy. In presenza di Péguy “Non si era mai parlato così cristiano”, numéro spécial n. 91, 112 pages, janvier-mars 2015. |
| 260 | _c2017. | ||
| 500 | _a19 | ||
| 786 | 0 | _nBulletin de l’Amitié Charles Péguy | 158 | 2 | 2017-04-17 | p. 179-181 | 0180-8567 | |
| 856 | 4 | 1 | _uhttps://shs.cairn.info/revue-bulletin-de-lamitie-charles-peguy-2017-2-page-179?lang=fr&redirect-ssocas=7080 |
| 999 |
_c1602726 _d1602726 |
||